<?xml version="1.0" encoding="UTF-8"?>
<record
    xmlns:xsi="http://www.w3.org/2001/XMLSchema-instance"
    xsi:schemaLocation="http://www.loc.gov/MARC21/slim http://www.loc.gov/standards/marcxml/schema/MARC21slim.xsd"
    xmlns="http://www.loc.gov/MARC21/slim">

  <leader>00583nam a2200205Ia 4500</leader>
  <controlfield tag="001">22780</controlfield>
  <controlfield tag="003">GE_BSU</controlfield>
  <controlfield tag="008">181216s||||||||xx |||||||||||||| ||und||</controlfield>
  <datafield tag="040" ind1=" " ind2=" ">
    <subfield code="c">GE_BSU</subfield>
  </datafield>
  <datafield tag="245" ind1=" " ind2=" ">
    <subfield code="a">&#x41F;&#x435;&#x434;&#x430;&#x433;&#x43E;&#x433;&#x438;&#x43A;&#x430;  &#x2116;6. 2018.</subfield>
  </datafield>
  <datafield tag="245" ind1=" " ind2=" ">
    <subfield code="b">&#x41D;&#x430;&#x443;&#x447;&#x43D;-&#x442;&#x435;&#x445;&#x43D;&#x438;&#x447;. &#x436;&#x443;&#x440;&#x43D;&#x430;&#x43B; &#x420;&#x410; &#x43E;&#x431;&#x440;&#x430;&#x437;&#x43E;&#x432;&#x430;&#x43D;&#x438;&#x44F;</subfield>
  </datafield>
  <datafield tag="245" ind1=" " ind2=" ">
    <subfield code="c">&#x413;&#x43B;. &#x440;&#x435;&#x434;. &#x420;.&#x421;.&#x411;&#x43E;&#x437;&#x438;&#x435;&#x432;</subfield>
  </datafield>
  <datafield tag="260" ind1=" " ind2=" ">
    <subfield code="a">&#x41C;&#x43E;&#x441;&#x43A;&#x432;&#x430;</subfield>
  </datafield>
  <datafield tag="260" ind1=" " ind2=" ">
    <subfield code="c">2018</subfield>
  </datafield>
  <datafield tag="300" ind1=" " ind2=" ">
    <subfield code="a">128 &#x441;&#x442;&#x440;. 29&#x441;&#x43C;.</subfield>
  </datafield>
  <datafield tag="653" ind1=" " ind2=" ">
    <subfield code="a">&#x41F;&#x435;&#x434;&#x430;&#x433;&#x43E;&#x433;&#x438;&#x43A;&#x430;  &#x2116;6. 2018.</subfield>
  </datafield>
  <datafield tag="653" ind1=" " ind2=" ">
    <subfield code="a">&#x41F;&#x435;&#x440;&#x438;&#x43E;&#x434;&#x438;&#x43A;&#x430;</subfield>
  </datafield>
  <datafield tag="653" ind1=" " ind2=" ">
    <subfield code="a">&#x10DE;&#x10D4;&#x10E0;&#x10D8;&#x10DD;&#x10D3;&#x10D8;&#x10D9;&#x10D0;</subfield>
  </datafield>
  <datafield tag="942" ind1=" " ind2=" ">
    <subfield code="c">CR</subfield>
  </datafield>
  <datafield tag="999" ind1=" " ind2=" ">
    <subfield code="c">55685</subfield>
    <subfield code="d">55685</subfield>
  </datafield>
  <datafield tag="952" ind1=" " ind2=" ">
    <subfield code="0">0</subfield>
    <subfield code="1">0</subfield>
    <subfield code="4">0</subfield>
    <subfield code="7">0</subfield>
    <subfield code="9">81186</subfield>
    <subfield code="d">2018-12-17</subfield>
    <subfield code="p">p 79501</subfield>
    <subfield code="r">2018-12-17</subfield>
    <subfield code="w">2018-12-17</subfield>
    <subfield code="y">CR</subfield>
    <subfield code="z">&#x10DE;&#x10D4;&#x10E0;&#x10D8;&#x10DD;&#x10D3;&#x10D8;&#x10D9;&#x10D0;</subfield>
  </datafield>
</record>
